| 000 | 01002cam a22002174a 4500 | ||
|---|---|---|---|
| 005 | 20250605164151.0 | ||
| 008 | 250528s ||||||||||||||||||||||||d | ||
| 035 | _a19396 | ||
| 020 | _a9602862491 | ||
| 040 |
_aGR-AtMCL _bgre _dGR-AtMCL _eAACR2 |
||
| 245 | 1 | _aΑΕΡΟΔΡΟΜΙΟ | |
| 250 | _a1 | ||
| 260 |
_bΈλλην, _c1997 |
||
| 300 | _a251 | ||
| 505 | 0 | _aΑΕΡΟΔΥΝΑΜΙΚΗ ΠΛΗΡΟΦΟΡΙΕΣ ΓΙΑ ΤΟ ΑΕΡΟΣΚΑΦΟΣ ΑΕΡΟΔΡΟΜΙΟ ΚΑΙ ΑΕΡΟΠΟΡΙΚΗ ΕΤΑΙΡΕΙΑ ΑΕΡΟΠΟΡΙΚΗ ΙΑΤΡΙΚΗ ΔΙΕΘΝΗΣ ΟΡΓΑΝΙΣΜΟΣ ΠΟΛΙΤΙΚΗΣ ΑΕΡΟΠΟΡΙΑΣ | |
| 520 | _aΑΕΡΟΔΥΝΑΜΙΚΗ ΠΛΗΡΟΦΟΡΙΕΣ ΓΙΑ ΤΟ ΑΕΡΟΣΚΑΦΟΣ ΑΕΡΟΔΡΟΜΙΟ ΚΑΙ ΑΕΡΟΠΟΡΙΚΗ ΕΤΑΙΡΕΙΑ ΑΕΡΟΠΟΡΙΚΗ ΙΑΤΡΙΚΗ ΔΙΕΘΝΗΣ ΟΡΓΑΝΙΣΜΟΣ ΠΟΛΙΤΙΚΗΣ ΑΕΡΟΠΟΡΙΑΣ | ||
| 700 | 1 |
_aΛεκκας Αθ _95645 |
|
| 942 | _cBK | ||
| 999 |
_c4652 _d4652 |
||